[Event "Tarragona Calbet Memorial"]
[Site "Tarragona"]
[Date "2013.04.20"]
[Round "2"]
[White "Ferrer Dalmau, Josep Antonio"]
[Black "Luke Brezmes, Cristofer"]
[Result "0-1"]
[WhiteElo "1807"]
[BlackElo "2079"]
[PlyCount "96"]
[EventDate "2013.04.13"]
[EventType "swiss"]
[EventRounds "8"]
[EventCountry "ESP"]
[SourceTitle "EXT 2014"]
[Source "ChessBase"]
[SourceDate "2013.11.20"]
[SourceVersion "1"]
[SourceVersionDate "2013.11.20"]
[SourceQuality "1"]

1. d4 Nf6 2. c4 e6 3. Nf3 d5 4. Nc3 Bb4 5. e3 0-0 6. a3 Bxc3+ 7. bxc3 c5 8. Bd3 Qc7 9. Qc2 Bd7 10. 0-0 Rc8 11. cxd5 c4 12. d6 cxd3 13. dxc7 dxc2 14. cxb8Q Raxb8 15. Bb2 Nd5 16. Rfc1 Ba4 17. Ne1 Nxc3 18. Bxc3 Rxc3 19. Ra2 Rbc8 20. Kf1 Bb3 21. Raa1 b5 22. Ke2 a5 23. Kd2 R3c4 24. Nd3 Rd8 25. Ne1 Rdc8 26. Nd3 a4 27. Nc5 e5 28. Nd7 exd4 29. Nb6 dxe3+ 30. Ke2 Re8 31. Nxc4 Bxc4+ 32. Ke1 exf2+ 33. Kxf2 Re2+ 34. Kf3 Rd2 35. Re1 g5 36. Rac1 Bd5+ 37. Ke3 Rxg2 38. Re2 Rxe2+ 39. Kxe2 Be4 40. Kd2 f5 41. Rg1 g4 42. Rg3 Kf7 43. Rc3 h5 44. Rc5 h4 45. Rxb5 g3 46. hxg3 hxg3 47. Rc5 g2 48. Rc7+ Kf6 0-1

[Event "Catalunya-ch Seniors"]
[Site "Andorra"]
[Date "2006.07.19"]
[Round "2"]
[White "Ferrer Dalmau, Josep Antonio"]
[Black "Segura Gregori, Francesc"]
[Result "1-0"]
[WhiteElo "1886"]
[BlackElo "1670"]
[PlyCount "98"]
[EventDate "2006.07.18"]
[EventType "swiss"]
[EventRounds "9"]
[EventCountry "ESP"]
[SourceTitle "EXT 2019"]
[Source "ChessBase"]
[SourceDate "2018.10.10"]
[SourceVersion "1"]
[SourceVersionDate "2018.10.10"]
[SourceQuality "1"]

1. d4 d5 2. c4 e6 3. Nc3 c5 4. e3 Nf6 5. Nf3 Nbd7 6. cxd5 exd5 7. Bb5 a6 8. Qa4 b6 9. Ne5 Bb7 10. Bxd7+ Nxd7 11. 0-0 b5 12. Qc2 Nxe5 13. dxe5 Be7 14. Rd1 0-0 15. b3 Rc8 16. Bb2 Qd7 17. f3 Rfd8 18. Qf2 Qf5 19. Rd2 Qh5 20. Rad1 d4 21. exd4 cxd4 22. Rxd4 Rxd4 23. Qxd4 Bc5 24. Qxc5 Qf5 25. Qe7 h5 26. Qxb7 Re8 27. Qd7 Qxe5 28. Ne4 Qb8 29. Qf5 f6 30. Qd5+ Kf8 31. Qxh5 Qf4 32. Qh8+ Kf7 33. Nd6+ Qxd6 34. Rxd6 Rxh8 35. Rxa6 Rd8 36. Ra7+ Kg6 37. Kf1 Rd1+ 38. Ke2 Rg1 39. Kf2 Rd1 40. Bc3 Rc1 41. Bb4 Rc8 42. a4 bxa4 43. bxa4 Rb8 44. Bd2 Rb2 45. Ke3 Rb3+ 46. Ke4 Rb2 47. Kd3 Rb1 48. a5 Rg1 49. a6 Ra1 1-0

[Event "Sort op 2nd"]
[Site "Sort"]
[Date "2006.06.26"]
[Round "1"]
[White "Lujan, Carolina"]
[Black "Ferrer Dalmau, Josep Antonio"]
[Result "1-0"]
[WhiteElo "2378"]
[BlackElo "1886"]
[PlyCount "45"]
[EventDate "2006.06.26"]
[EventType "swiss"]
[EventRounds "9"]
[EventCountry "ESP"]
[SourceTitle "CBM 113 Extra"]
[Source "ChessBase"]
[SourceDate "2006.09.14"]
[SourceVersion "1"]
[SourceVersionDate "2006.09.14"]
[SourceQuality "1"]

1. e4 c5 2. Nf3 Nc6 3. d4 cxd4 4. Nxd4 e6 5. Nc3 Nf6 6. g3 Bb4 7. Bg2 Qa5 8. Nde2 d5 9. exd5 exd5 10. 0-0 Bg4 11. h3 Be6 12. a3 Rd8 13. Bd2 Bxc3 14. Bxc3 Qb6 15. Bxf6 gxf6 16. Nf4 Ne7 17. Re1 Rg8 18. Nh5 Rg6 19. Qf3 Bf5 20. Qxf5 Kf8 21. Qd3 Kg8 22. Rxe7 Qxb2 23. Rae1 1-0